| 000 | 00448nam a2200193Ia 4500 | ||
|---|---|---|---|
| 005 | 20240823030841.0 | ||
| 008 | 240823s9999||||xx |||||||||||||| ||und|| | ||
| 020 | _a978-953-307-126-8 | ||
| 041 | _aENGLISH | ||
| 082 | _A620.5 | ||
| 100 | _aYoshitake Masuda Ed. | ||
| 245 | 0 | _aNanocrystals | |
| 250 | _a1st | ||
| 260 | _bIntech Publica | ||
| 500 | _aTRANSFERED | ||
| 650 |
_aNanocrystals _bNano Technology |
||
| 942 | _cBK | ||
| 999 |
_c189674 _d189674 |
||